LEADER 00849nam a2200229 i 4500 001 991003332539707536 008 170217s1960 us a 000 0 eng d 035 $ab14317400-39ule_inst 040 $aDip. di Studi Umanistici$bita 082 0 $a938 100 1 $aSmith, Morton$0157489 245 14$aThe ancient Greeks /$cMorton Smith 264 1$aIthaca, N.Y. :$bCornell University Press,$c1960 300 $a144 p. :$bill. ;$c22 cm 504 $aBibliografia: p. 135-137. Indice 651 4$aGrecia antica$xStoria 907 $a.b14317400$b17-02-17$c17-02-17 912 $a991003332539707536 945 $aLE007 Sala C 938 SMI 01.01$g1$i2007000279069$lle007$nLE007 2017 Pregresso$o-$pE0.00$q-$rl$s- $t0$u0$v0$w0$x0$y.i15797533$z17-02-17 996 $aAncient Greeks$91395565 997 $aUNISALENTO 998 $ale007$b17-02-17$cm$da $e-$feng$gus $h4$i0 LEADER 01124nam a2200325 i 4500 001 991000814769707536 005 20020506124608.0 008 960712s1993 us ||| | eng 020 $a0387940073 035 $ab10133434-39ule_inst 035 $aLE00637294$9ExL 040 $aDip.to Fisica$bita 084 $a510.20 084 $a510.22 084 $a510.35 084 $aQA372.055 100 1 $aOlver, Peter J.$040590 245 10$aApplications of Lie groups to differential equations /$cPeter J. Olver 250 $a2nd ed 260 $aNew York :$bSpringer-Verlag,$c1993 300 $axxviii, 513 p. ;$c23 cm. 490 0 $aGraduate texts in mathematics ;$v107 500 $aIncludes bibliographical references and index. 650 4$aDifferential equations 907 $a.b10133434$b17-02-17$c27-06-02 912 $a991000814769707536 945 $aLE006 510.20 OLV$g1$i2006000063142$lle006$o-$pE0.00$q-$rl$s- $t0$u10$v1$w10$x0$y.i10156914$z27-06-02 996 $aApplications of Lie groups to differential equations$9185944 997 $aUNISALENTO 998 $ale006$b01-01-96$cm$da $e-$feng$gus $h0$i1